000 01148nam a2200337 c 4500
001 58799
003 CO-BoRNBP
005 20250828150420.0
007 ta
008 231207s2023 ck a|||ar|||| 00||| spa d
020 _a9789580025399
040 _aCO-BoRNBP
_bspa
_erda
_cCO-BoRNBP
041 0 _aspa
082 _aT MUÑ8
100 _aMuñoz Toro, Juliana,
_d1988-
_eaut
_91724
245 1 3 _aLa calle 8 /
_cJuliana Muñoz Toro ; ilustraciones de Alejandra Vélez.
250 _aEdición especial
264 1 _aBogotá, Colombia :
_bEducactiva,
_c2023
300 _a107 páginas :
_bilustraciones a color
336 _atexto
_btxt
_2rdacontent
337 _asin mediación
_bn
_2rdamedia
338 _avolumen
_bnc
_2rdacarrier
521 _aRecomendado para un público infantil a partir de los 6 años
650 0 7 _aEmociones en la literatura
_2LEMB
_9891
650 0 7 _aLiteratura Fantastica
_2LEMB
_95517
650 0 7 _aLibros ilustrados para niños
_2LEMB
_92001
650 0 4 _aTeatro infantil colombiano
_ySiglo XXI
_2LEMB
650 0 4 _aLiteratura infantil colombiana
_2LEMB
_934
700 _aVélez, Alejandra
_958489
942 _2loc
_cBKLITI
999 _c58799
_d58799